| 000 | 00527nam a2200205Ia 4500 | ||
|---|---|---|---|
| 003 | GCL | ||
| 008 | 140319s9999 xx 000 0 eng d | ||
| 040 |
_aGCL / _cGCL |
||
| 082 | 0 | 4 |
_a947 _bS S |
| 100 | 1 | _aSCHMIDT, S | |
| 245 | 1 | 0 |
_aA SHORT HISTORY OF THE USSR / _cSCHMIDT, S |
| 700 | 1 | _aTARNOVSKY, K. | |
| 700 | 1 | _aBERKHIN, I. | |
| 700 | 1 | _aSOSSINSKY, SERGEI | |
| 260 |
_aروسيا : _bPROGRESS PUBLISHERS ، _c1987 |
||
| 300 |
_a20 CM ؛ _c310 P |
||
| 650 | 0 | 4 | _aRUSSIA |
| 650 | 0 | 4 | _aRUSSIA - HISTORY |
| 942 |
_2ddc _cBK |
||
| 999 |
_c7237 _d7237 |
||